Parlando con lei / [por] T. Alfieri

Đã lưu trong:
Chi tiết về thư mục
Tác giả chính: Alfieri, T. (autor)
Định dạng: Sách
Những chủ đề:
Các nhãn: Thêm thẻ
Không có thẻ, Là người đầu tiên thẻ bản ghi này!

MARC

LEADER 00000nam^a2200000^u^4500
001 000535120
005 20250521000000.0
008 060220s1000^^^^^^^^^^^^r^^^^^000^0^spa^d
009 20260310131008.81
035 |a FMI 000000503 
037 |a Acervo Xavier Clavigero 
096 |a 4.3/99/A 
100 |a Alfieri, T.  |e (autor) 
245 1 0 |a Parlando con lei / [por] T. Alfieri 
264 |a Roma : Centena, 1972 
300 |a 74 p. 
336 |a texto  |b txt  |2 rdacontenido 
337 |a sin mediación  |b n  |2 rdamedio 
338 |a volumen  |b nc  |2 rdasoporte 
649 |a XX 
650 |a ORACION 
910 |a Fondo Francisco Migoya Covarrubias S.J. 
920 |a Impresos - Libros 
930 |a Fondos Especiales 
905 |a 134 
901 |a SBC14733  |b IT2  |c ESP  |u 20250521 
902 |a https://opac.biblio.iteso.mx/vufind/Record/000535120